Fastest Growing Nations - Statistics

General Stats
  • This quiz has been taken 23 times
    16 since last reset
  • The average score is 4 of 9
Answer Stats
Answer % Correct
BONUS:Fastest growing country in Asia is {INDIA}
94%
India
94%
Bangladesh
50%
Ethiopia
44%
Vietnam
44%
Malaysia
25%
Iraq
19%
Ivory Coast
6%
Libya
0%
No matching quizzes found
Score Distribution
Percent of People with Each Score
Percentile by Number Answered
Your Score History
You have not taken this quiz since the last reset